[Event "Dreszer Memorial"]
[Site "Gdynia"]
[Date "1988.??.??"]
[Round "4"]
[White "Tomaszewski, Roman"]
[Black "Bernard, Ryszard"]
[Result "1/2-1/2"]
[WhiteElo "2370"]
[BlackElo "2345"]
[PlyCount "93"]
[EventDate "1988.??.??"]
[EventType "tourn"]
[EventRounds "13"]
[EventCountry "POL"]
[EventCategory "5"]
[SourceTitle "EXT 1997"]
[Source "ChessBase"]
[SourceDate "1996.11.15"]
[SourceVersion "1"]
[SourceVersionDate "1996.11.15"]
[SourceQuality "1"]

1. c4 e5 2. Nc3 Nc6 3. g3 g6 4. Bg2 Bg7 5. e4 d6 6. Nge2 Nge7 7. d3 0-0 8. h4 Be6 9. h5 Qd7 10. Nd5 Nd8 11. Bh6 f6 12. Bxg7 Kxg7 13. hxg6 hxg6 14. Qd2 Ng8 15. 0-0-0 c6 16. Ne3 Nf7 17. f4 Ne7 18. d4 Qc7 19. Kb1 Rh8 20. Qc3 Rad8 21. Rxh8 Rxh8 22. c5 dxc5 23. dxe5 fxe5 24. Qxc5 b6 25. Qc3 Rh2 26. Rd2 b5 27. Bf3 Qb6 28. f5 b4 29. Qd3 Ng5 30. Ng4 Nxf3 31. Qxf3 gxf5 32. Nxh2 fxe4 33. Qf1 e3 34. Rd1 Nf5 35. Nf3 Bd5 36. Ng5 Nd6 37. b3 Ne4 38. Nxe4 Bxe4+ 39. Kb2 Qa5 40. Rc1 Qd5 41. Qd1 Bd3 42. g4 e4 43. g5 Qe5+ 44. Nc3 Qh2+ 45. Ne2 Qe5+ 46. Nc3 Qh2+ 47. Ne2 1/2-1/2

[Event "Poznan"]
[Site "Poznan"]
[Date "1987.??.??"]
[Round "?"]
[White "Bernard, Ryszard"]
[Black "Blatny, Pavel"]
[Result "1/2-1/2"]
[WhiteElo "2335"]
[BlackElo "2435"]
[PlyCount "84"]
[EventDate "1987.10.??"]
[EventType "tourn"]
[EventRounds "11"]
[EventCountry "POL"]
[EventCategory "7"]
[SourceTitle "TD"]
[Source "ChessBase"]
[SourceDate "1994.03.01"]
[SourceVersion "1"]
[SourceVersionDate "1994.03.01"]
[SourceQuality "1"]

1. e4 e5 2. Nf3 Nc6 3. Bb5 a6 4. Ba4 Nf6 5. 0-0 Be7 6. Re1 b5 7. Bb3 0-0 8. d3 Bb7 9. Nc3 Re8 10. Ng5 Rf8 11. Nf3 Bd6 12. a3 Ne7 13. Nh4 h6 14. Qf3 Nh7 15. Qh5 Kh8 16. Re3 g6 17. Qd1 Ng8 18. Rh3 Be7 19. Nf3 d6 20. Bxh6 Nxh6 21. Rxh6 Bc8 22. Nd5 Kg7 23. Qd2 Bg4 24. Nxe7 Qxe7 25. Rh4 Bxf3 26. Qh6+ Kf6 27. Qxh7 Rh8 28. Qxh8+ Rxh8 29. Rxh8 Bg4 30. Rh7 Be6 31. Bxe6 Qxe6 32. Rh3 Ke7 33. Re3 a5 34. b3 Qd7 35. Ree1 Qc6 36. c4 Qb6 37. a4 b4 38. g3 Qd4 39. Red1 Qc3 40. Rab1 Qc2 41. Kg2 Qe2 42. h4 c5 1/2-1/2